| 000 | 00556nam a22001697a 4500 | ||
|---|---|---|---|
| 005 | 20250922160515.0 | ||
| 008 | 250905b |||||||| |||| 00| 0 eng d | ||
| 020 | _a9781647256876 | ||
| 082 | _aDC 515.35 L148 2025 | ||
| 100 |
_aLake, Rosalind. _967321 |
||
| 245 |
_aDifferential equations : _ban elementary approach / _cRosalind Lake. |
||
| 260 |
_aNew York : _bNY Research Press, _c©2025. |
||
| 300 |
_avii, 223 pages : _billustartions (some colors) ; _c27 cm. |
||
| 500 | _aIncludes index. | ||
| 650 | 0 |
_aDifferential equations. _968056 |
|
| 942 |
_2ddc _cDC |
||
| 999 |
_c23704 _d23704 |
||